书目信息 |
| 题名: |
食品卫生检验技术手册
|
|
| 作者: | 王淑淳 主编 | |
| 分册: | ||
| 出版信息: | 北京 化学工业出版社 1996.01 |
|
| 页数: | 608页 | |
| 开本: | 16开 | |
| 丛书名: | ||
| 单 册: | ||
| 中图分类: | R155.5-62 | |
| 科图分类: | ||
| 主题词: | 食品卫生:食品检验--技术手册 , 食品检验 | |
| 电子资源: | ||
| ISBN: | 7-5025-1308-6 | |
| 000 | 00646nam0 2200217 45 | |
| 001 | 0110301575 | |
| 005 | 20031219104051.3 | |
| 010 | @a7-5025-1308-6@b精装@dCNY62.00 | |
| 100 | @a20011030d1996 km y0chiy0120 ea | |
| 101 | 0 | @achi |
| 105 | @a z 000yy | |
| 200 | 1 | @a食品卫生检验技术手册@AShi Pin Wei Sheng Jian Yan Ji Shu Shou Ce@f王淑淳主编@FWang Shu Chun Zhu Bian |
| 205 | @a2版 | |
| 210 | @a北京@c化学工业出版社@d1996.01 | |
| 215 | @a608页@d16开 | |
| 606 | 0 | @a食品卫生:食品检验@x技术手册 |
| 606 | 0 | @a食品检验 |
| 690 | @aR155.5-62@v4 | |
| 701 | @a王淑淳@4主编 | |
| 801 | @aCN@bTSTC@c20011030 | |
| 905 | @f6@b300230-235@dR155.5-62@e23=2 | |
| 食品卫生检验技术手册/王淑淳主编.-2版.-北京:化学工业出版社,1996.01 |
| 608页;16开 |
| ISBN 7-5025-1308-6(精装):CNY62.00 |
| ● |
| 相关链接 |
|
|
|
|
正题名:食品卫生检验技术手册
索取号:R155.5-62/23=2
 
预约/预借
| 序号 | 登录号 | 条形码 | 馆藏地/架位号 | 状态 | 备注 |
| 1 | 0300230 | 203002302 | 第三借阅区/ [索取号:R155.5-62/23=2] | 在馆 | |
| 2 | 0300231 | 203002311 | 第二样本阅览室/ [索取号:R155.5-62/23=2] | 在馆 | |
| 3 | 0300232 | 203002320 | 工具书阅览室/ [索取号:R155.5-62/23=2] | 在馆 | |
| 4 | 0300233 | 203002339 | 密集书库/ [索取号:R155.5-62/23=2] | 在馆 | |
| 5 | 0300234 | 203002348 | 密集书库/ [索取号:R155.5-62/23=2] | 在馆 | |
| 6 | 0300235 | 203002357 | 密集书库/ [索取号:R155.5-62/23=2] | 在馆 |